00542nam a22001577a 4500003000900000008004100009040007100050082001800121100002900139245003700168260007600205300002800281650002500309650001100334710003900345AR-CdUCM190226b ||||| |||| 00| 0 spa d aMUNICIPALIDAD PROVINCIAL DEL CUSCOcBIBLIOTECA MUNICIPAL DEL CUSCO a869.44 /bM96 aMuñoz Cadima, Oscar W. aTeatro boliviano contemporaneo / aLa Paz-Bolivia : bCasa municipal de la cultura "Franz Tamayo", c1981. a214 páginas ;c19 cm. aLiteratura boliviana aTeatro aHonorable municipalidad de La Paz